Gaming Quiz

Random Gaming or Minecraft Quiz

Minecraft Mobs on PC Quiz Stats

 Plays Quiz not verified by Sporcle

Challenge
Share
Tweet
Embed
Score 0/21 Timer 05:00
0 Plays Today
% Correct
Zombie Pigman
88.2%
Spider Jockey
86%
Zombie
85.5%
Creeper
85.3%
Skeleton
84.9%
Herobrine
84.6%
Slime
84.2%
Wolf
83.8%
Spider
82.9%
Iron Golem
82.9%
Ender Dragon
80.3%
% Correct
Wither
79.4%
Witch
79.4%
Silverfish
79.4%
Ghast
77.6%
Magma Cube
77.2%
Enderman
76.3%
Blaze
75.4%
Wither Skeleton
74.6%
Cave Spider
74.1%
Bat
43.4%

You're not logged in!

Compare scores with friends on all Sporcle quizzes.
OR
Log In

You Might Also Like...

Show Comments

Extras

Top Quizzes Today


Score Distribution

Your Account Isn't Verified!

In order to create a playlist on Sporcle, you need to verify the email address you used during registration. Go to your Sporcle Settings to finish the process.

Report this User

Report this user for behavior that violates our Community Guidelines.

Details: